| 000 | 00486 a2200169 4500 | ||
|---|---|---|---|
| 005 | 20260422151040.0 | ||
| 008 | 260422b |||||||| |||| 00| 0 eng d | ||
| 020 | _a9789393713551 | ||
| 080 |
_aFM _bHUG/T |
||
| 100 | _aHugo,Victor | ||
| 245 | _aThonnoottimoonnu(തൊണ്ണൂറ്റിമൂന്ന്) | ||
| 260 |
_bSPCS _aKozhikode _c2025 |
||
| 300 | _a235p. | ||
| 653 | _aFiction-Novel-Malayalam Literature | ||
| 700 | _aEdappally Karunakara Menon; tr.by | ||
| 942 | _cOO | ||
| 999 |
_c115533 _d115532 |
||